Modra-Harmonia dolina

Zobrazenie: V bielom orámovaní pohľad z kopca na dolinu, ktorou vedie cesta, ktorá začína v pravom dolnom rohu. V ľavom dolnom rohu je krík

Bibliographic Details
Format: Postcard
Language:Slovak
PhysicalDescription:1 pohľadnica čiernobiela 10 x 14 cm
Published: Modra Nakl. S. May [medzi 1920 a 1931?]
Subjects:

MARC

LEADER 00000nkm a2200000 a 4500
001 vtls011930101
003 SK-MaSNL
005 20260512124319.0
007 kp bo
008 231120q1920 xo g kuslo
015 |a SNBG 
035 |a urn:nbn:sk:snk-km00ean5 
035 |a urn:nbn:sk:snk-km43gj2 
035 |a 4E3740F5-A99A-47A0-A3DD-E5AB9144C626 
040 |a SNK  |b slo  |c SNK  |e AACR2 
041 0 |a slo 
043 |a e-xo--- 
044 |a xo  |c SK 
072 7 |a 908(437)  |x Vlastiveda Česka a Slovenska  |2 konspekt 
072 7 |a 911.2(23.046)  |2 2011 
080 |a 908(437.6)  |2 2011 
080 |a (084.121)  |2 2011 
080 |a 551.4.036  |2 2011 
245 0 0 |a Modra-Harmonia  |h grafika  |b dolina 
246 3 3 |a Modra - Harmónia  |b dolina 
260 |a Modra  |b Nakl. S. May  |c [medzi 1920 a 1931?]  |e [Slovensko?]  |f DK 
300 |a 1 pohľadnica  |b čiernobiela  |c 10 x 14 cm 
520 8 |a Zobrazenie: V bielom orámovaní pohľad z kopca na dolinu, ktorou vedie cesta, ktorá začína v pravom dolnom rohu. V ľavom dolnom rohu je krík 
650 0 7 |a doliny  |2 SNKPH  |9 256361 
651 7 |a Harmónia (Modra, Slovensko)  |2 SNKPHgeo  |9 263372 
655 7 |a geografické pohľadnice  |2 SNKPH  |9 70522 
852 |a Slovenská národná knižnica 
954 |a pohľadnice pôvodné (slovenské)  |2 lita 
958 |a OND 
958 |a GBN 
958 |a GC 
958 |a EUIPO 
999 |c 865749  |d 867679 
952 |a SNK  |b SNK  |y PREZ  |7 0  |p 17A1379123  |o snkSP 112309  |z Pohľadnica prešla poštou. ; Na adresnej časti pohľadnice je červená známka Slovakotour-u v hodnote 10h.  |0 0  |1 0  |4 0  |d 2020-04-22  |f 1  |l 0  |r 2026-02-24 05:25:58  |w 2026-02-24